Karmine Corp - LFL / LEC players - Statistiques

Statistiques générales
  • Ce quiz a été pris 353 fois
  • Le résultat moyen est 21 sur 24
Statistiques - réponses
Hint Réponse % Correct
ADC / LFL Caliste
98%
TOP / LFL Cabochard
97%
TOP / LEC Cabochard
97%
TOP / LEC Canna
97%
MID / LFL Saken
97%
MID / LEC Saken
97%
SUP / LFL Targamas
97%
SUP / LEC Targamas
97%
MID / LFL Vladi
94%
MID / LEC Vladi
94%
TOP / LFL Adam
93%
JGL / LEC Bo
91%
ADC / LEC Upset
88%
JGL / LFL 113
87%
JGL / LFL Cinkrof
85%
ADC / LFL Rekkles
85%
TOP / LFL Maynter
82%
JGL / LEC Closer
81%
ADC / LFL xMatty
81%
ADC / LFL Kaori
69%
JGL / LFL Skeanz
67%
JGL / LFL Lyncas
66%
SUP / LFL Hantera
65%
SUP / LFL Whiteinn
55%
Aucun quiz correspondant
Distribution des résultats
% des personnes avec chaque résultat
Percentile par nombre de réponses
Votre historique - résultats
Vous n’avez pas pris ce quiz